| 000 | 00527nam a22001937a 4500 | ||
|---|---|---|---|
| 003 | bpm | ||
| 005 | 20260417104616.0 | ||
| 008 | 260417b |||||||| |||| 00| p spa d | ||
| 024 | _aS. C. C. / M. C. y E. M.: | ||
| 040 | _aAR-CtUCP | ||
| 041 | _aspa | ||
| 080 | _aCDU | ||
| 110 | _aSubsecretaría de cultura de la provincia de Corrientes | ||
| 245 | _aPoesía | ||
| 260 |
_aCorrientes _bSubsecretaría de cultura de la provincia de Corrientes _c2004 |
||
| 650 | _aLiteratura - Poesía | ||
| 942 | _cLIB | ||
| 999 |
_c76666 _d76666 |
||